000
002610000a22001210004500
003
MACL
040
_a
MACL
090
_c
7398
_d
7397
245
_a
The Hamlyn Children's Encyclopedia
260
_b
Hamlyn
_c
1972
650
_a
Children's Books
942
_c
BOOK
_k
741.642
999
_c
7350
_d
7350